000 00465nam a2200205Ia 4500
003 OSt
005 20251219120646.0
008 250729s2005 xx 000 0 und d
020 _a978-9364335614
040 _cAL
041 _aeng
082 _a954 THOI
100 _aThomas B J
_9227278
245 _aHistory of india
260 _aChennai
_c2005
300 _a203p
650 _aHistory
_9227279
700 _aRao Digumurthi
_9227280
942 _2ddc
_cBED
999 _c237596
_d237596